Culture générale - Quiz #35 - Statistiques

Statistiques générales
  • Ce quiz a été pris 72 087 fois
  • Le résultat moyen est 12 sur 20
Statistiques - réponses
Question Réponse % Correct
Quelle ville est célèbre pour sa tour penchée ? Pise
98%
Combien de syllabes comporte un alexandrin ? 12
92%
Quel journal satirique fut la cible d'un attentat meurtrier le 7 janvier 2015 à Paris ? Charlie Hebdo
90%
Quel pays avait un système de camps connu sous le nom de goulags ? URSS
85%
Selon la chanson, quel roi a mis sa culotte à l'envers ? Le bon roi Dagobert
84%
Quel animal est la mascotte du WWF ? Le panda géant
79%
Où réside le monarque britannique ? Palais de {Buckingham}
79%
En France, quelle couleur est censée porter malheur si elle est portée sur scène ? Vert
77%
Quel jeu de société comporte traditionnellement 63 cases disposées en spirale avec des pièges tels que le puits, la prison ou la tête de mort ? Le jeu de l'oie
65%
En chimie, quel est le contraire d'acide ? Basique / Base
64%
Quelles sont les deux lettres qui terminent 18 des 20 noms de famille les plus courants en Croatie ?
58%
Quelle plante servant la fabrication de textile, en 3 lettres, est traditionnellement cultivée en Picardie et en Normandie ? Lin
58%
Quelle activité, inventée en Californie vers 1950, s'appelait à l'origine "sidewalk surfing" ? Le skateboard
56%
Quel pays a pour monnaie le baht ? La Thaïlande
48%
À quelle maladie associe-t-on les symptômes tels que la fièvre, l'hypersalivation et l'hydrophobie ? La rage
37%
Comment s'appelle le majordome du château de Moulinsart ? Nestor
27%
Qui est l'auteur de la série de romans James Bond ? Ian Fleming
18%
Quel métal, utilisé dans les filaments d'ampoules à incandescence, a le point de fusion le plus élevé ? Le tungstène
17%
Quelle maladie était autrefois traitée par la quinine ? Le paludisme
15%
Qui est le seul roi anglais à avoir volontairement abdiqué ? Édouard VIII
10%
Aucun quiz correspondant
Distribution des résultats
% des personnes avec chaque résultat
Percentile par nombre de réponses
Votre historique - résultats
Vous n’avez pas pris ce quiz